Jahresband des Deutschsprachigen Forschungzentrums für Philosophie Olomouc, 1

Guardat en:
Dades bibliogràfiques
Autor principal: Wischke, Mirko (Autor)
Format: Llibre
Idioma:txec
Publicat: s.l Nakladatelství 2005
Matèries:
Etiquetes: Afegir etiqueta
Sense etiquetes, Sigues el primer a etiquetar aquest registre!

MARC

LEADER 00000nam a2200000 a 4500
001 UCK5599
003 CL-VaPUC
008 050805e20050000xr |||||||||||||||||cze|d
020 |a 8071821810 
082 0 4 |a 320.01  |b WIS  |2 21 
100 0 |a Wischke, Mirko  |e author  |9 494450 
245 1 0 |a Jahresband des Deutschsprachigen Forschungzentrums für Philosophie Olomouc, 1 
300 |a 239 p 
942 |c BK 
945 |d 20050805 00:00:00  |a jcarroza 
260 |a s.l  |b Nakladatelství  |c 2005 
650 0 |a Filosofía   |9 223554 
650 7 |a FILOSOFIA POLITICA  |2 CL-VaPUC  |9 494451 
650 0 |a Alemán   |9 330722 
651 7 |a OLMOUC  |2 CL-VaPUC  |9 494452 
651 7 |a REPUBLICA CHECA  |2 CL-VaPUC  |9 494453 
583 |a last modification  |c 20171127 04:40:40  |k Rodrigo Vera 
999 |c 314100  |d 314098 
952 |0 0  |1 0  |4 0  |6 320_010000000000000_WIS_2005  |7 0  |8 A  |9 386013  |a BIBEDU  |b BIBEDU  |d 2019-11-22  |i 4150619  |o 320.01 WIS 2005  |p 4150619  |r 2019-11-22  |w 2019-11-22  |y BK  |k FIL